000
00301nam a22001337a 4500
008
181016b xxu||||| |||| 00| 0 eng d
020
_a
9780723436010
041
_a
eng
080
_2
5 ED
_a
579
100
_a
11
101
_a
BIO
245
_a
Medical Microbiology
_c
Goering .R.V
942
_2
udc
_c
BK
999
_c
49885
_d
49885